000
00287nam a22001217a 4500
008
170530b xxu||||| |||| 00| 0 eng d
041
_a
eng
080
_a
94(7/8)
100
_a
17
101
_a
SHH
245
_a
THE LATIN AMERICAN REPUBLIC A HISTORY
_c
MUNRO.D.G
942
_2
udc
_c
BK
999
_c
15088
_d
15088